El pensamiento económico-social de Rodrigo Facio /
Este artículo recoge los aportes principales de la figura costarricense Rodrigo Facio Brenes, del reformismo social-demócrata de los años cuarenta y cincuenta del siglo pasado, así como aspectos socio-políticos muy relevantes de su obra y su accionar, sobre todo dentro del ámbito político y del desa...
Shranjeno v:
| Glavni avtor: | |
|---|---|
| Format: | Texto |
| Teme: | |
| Oznake: |
Označite
Brez oznak, prvi označite!
|
MARC
| LEADER | 00000 a a2200000 04500 | ||
|---|---|---|---|
| 001 | 45691 | ||
| 003 | |||
| 040 | |||
| 100 | |a Vega Carballo, José Luis | ||
| 245 | |a El pensamiento económico-social de Rodrigo Facio / |c José Luis Vega Carballo | ||
| 520 | |a Este artículo recoge los aportes principales de la figura costarricense Rodrigo Facio Brenes, del reformismo social-demócrata de los años cuarenta y cincuenta del siglo pasado, así como aspectos socio-políticos muy relevantes de su obra y su accionar, sobre todo dentro del ámbito político y del desarrollo del pensamiento estratégico en materia económica y de planificación democrática. Asimismo, destaca la importancia de Facio como aportador, quizás pionero, en materia de lo que luego se llamó la teoría de la dependencia. Al final, llama a retomar el camino abierto por Facio sobre la problemática de la independencia y el desarrollo nacionales, en momentos donde el avance del neoliberalismo parece haber cerrado las rutas hacia ambos. | ||
| 590 | |a AMB/AGOSTO2014 | ||
| 650 | |a RODRIGO FACIO BRENES (TESAURO CUUICS) | ||
| 650 | |a SOCIALDEMOCRACIA (TESAURO DE CIENCIAS SOCIALES) | ||
| 650 | |a PENSAMIENTO ECONOMICO | ||
| 650 | |a }DEPENDENCIA ECONOMICA | ||
| 650 | |a TEORIA SOCIAL | ||
| 650 | |a TEORIA POLITICA | ||
| 650 | |a COSTA RICA | ||
| 773 | |g número138 (2012), páginas 41-52 | ||
| 999 | |c 18381 |d 18381 | ||
| 773 | 0 | |0 18728 |9 3009 |a Universidad de Costa Rica |d San José, Costa Rica Editorial UCR 1956- |o 15402 |t Revista de Ciencias Sociales/ |x 04825276 | |
